000 00407nam a22001577a 4500
999 _c164301
_d164301
005 20190515170609.0
010 _aA-613100
035 _aA-613100
037 _bSahitya Akademi.
082 _a881.08
100 _aMir, Rasul.
245 _aMakers of indian literature /
_cRasul Mir.
260 _bSahitya Akademi.
_c1990
300 _a55p
_c21cm (hbk)
942 _2ddc
_cEN
_h881.08
_mRAS